| 000 | 00749nam a2200229 i 4500 | ||
|---|---|---|---|
| 001 | 107507 | ||
| 003 | ES-MaACL | ||
| 005 | 20230906184432.0 | ||
| 007 | t| | ||
| 008 | 061121s1961 sp r ||||1| spa d | ||
| 100 | 1 |
_aMoraza Ortega, Miguel. _983175 |
|
| 245 | 1 | 0 |
_aCirugía / _cpor.. Dr. Moraza Ortega. |
| 260 |
_aSalamanca : _b[s.n.], _c1961 ( _fImp. Núñez) |
||
| 300 |
_a312 p. : _bil ; _c24. |
||
| 490 | 1 | _aManual de patología y terapéutica quirúrgica | |
| 500 | _aEs el T. IV, fasc. 1º, miembro superior. | ||
| 650 | 4 |
_aPatología quirúrgica. _9136666 |
|
| 650 | 0 | 4 |
_aTerapéutica quirúrgica. _917480 |
| 830 | 0 |
_aManual de patología y terapéutica quirúrgica _9232901 |
|
| 852 |
_aES-MaACL _jE-4050 |
||
| 999 |
_c107507 _d107507 |
||